|
|
|
|
| LEADER |
00000nab a2200000 4500 |
| 001 |
vtls011970748 |
| 003 |
SK-MaSNL |
| 005 |
20260318115200.0 |
| 008 |
200601c2018 xo zr|n || ||00 c0ukr |
| 015 |
|
|
|a SNBRB2020/06
|
| 038 |
|
|
|a SVKPOCL
|
| 040 |
|
|
|a SVKPOCL
|b slo
|c SVKPOCL
|e rda
|
| 041 |
0 |
|
|a ukr
|
| 043 |
|
|
|a e-xo---
|
| 044 |
|
|
|a xo
|c SK
|
| 072 |
|
7 |
|a 316.7
|x Sociológia kultúry. Kultúrny život
|2 konspekt
|
| 072 |
|
7 |
|a 061.2
|x Nevládne organizácie a kooperácia
|2 konspekt
|
| 072 |
|
7 |
|a 398
|x Folklór
|2 konspekt
|
| 080 |
|
|
|a (=161.25)-057.87(437.6):061.2
|2 2011
|
| 080 |
|
|
|a 378.091.6(=161.25)(437.6)
|2 2011
|
| 080 |
|
|
|a 785.6:398
|2 2011
|
| 080 |
|
|
|a 398
|2 2011
|
| 080 |
|
|
|a (437.6)
|2 2011
|
| 080 |
|
|
|a 008
|2 2011
|
| 080 |
|
|
|a 061.2
|2 2011
|
| 080 |
|
|
|a 316.022.4(=161.25)-057.87:061.2
|2 2011
|
| 080 |
|
|
|a 793.31
|2 2011
|
| 100 |
1 |
|
|a Kapitánová, Tatiana
|4 aut
|9 1602917
|
| 245 |
1 |
0 |
|a molodў.Rusynў majuť des'ať rokiv. Oslavyly jich pjesov o optaciji
|c Tatijana Kapitanova
|
| 246 |
3 |
3 |
|a Molodŷ Rusynŷ oslavujuť des'ať rokiv
|
| 300 |
|
|
|b Fotografie
|
| 336 |
|
|
|a text
|b txt
|2 rdacontent
|
| 337 |
|
|
|a bez média
|b n
|2 rdamedia
|
| 338 |
|
|
|a zväzok
|b nc
|2 rdacarrier
|
| 500 |
|
|
|a Molodў.Rusynў pozri molody.Rusyny
|
| 500 |
|
|
|a Mladí Rusíni pozri molody.Rusyny
|
| 500 |
|
|
|a V rubrike Kultura
|
| 600 |
1 |
7 |
|a Jarinčík, Peter,
|d 1991-
|2 svkpocl
|9 1327277
|
| 600 |
1 |
7 |
|a Štefaňák, Peter,
|d 1985-
|2 svkpocl
|9 1306967
|
| 600 |
1 |
7 |
|a Pantlikáš, Jozef,
|d 1975-
|2 svkpocl
|9 1544002
|
| 600 |
1 |
7 |
|a Hirjak, Michal,
|d 1933-2007
|2 SNKMA
|9 192510
|
| 600 |
1 |
7 |
|a Čema, Vladimír,
|d 1985-
|2 svkpocl
|9 221354
|
| 600 |
1 |
7 |
|a Štec, Štefan,
|d 1987-
|2 svkpocl
|9 1109923
|
| 610 |
2 |
7 |
|a molody.Rusyny (občianske združenie : Košice, Slovensko)
|2 svkpocl
|9 1327279
|
| 610 |
2 |
7 |
|a Ruthenia (folklórny súbor : Bratislava, Slovensko)
|2 svkpocl
|9 1105950
|
| 610 |
2 |
7 |
|a molody.Rusyny (občianske združenie : Košice, Slovensko).
|b Miestna organizácia (Prešov, Slovensko)
|2 svkpocl
|9 1583628
|
| 610 |
2 |
7 |
|a Divadlo Sľuk
|2 svkpocl
|9 232710
|
| 610 |
2 |
7 |
|a Divadlo Alexandra Duchnoviča
|2 SNKKA
|9 31263
|
| 610 |
2 |
7 |
|a Gajdošík (detský folklórny súbor : Nová Dedinka, Slovensko)
|2 snkbucl
|9 1603797
|
| 610 |
2 |
7 |
|a Súkromné konzervatórium (Nitra, Slovensko)
|2 SNKKacsnkv
|9 170720
|
| 610 |
2 |
7 |
|a Ľudová hudba Michala Nogu
|2 svkpocl
|9 1603795
|
| 630 |
0 |
7 |
|a Zem zasľúbená
|g (tanečno-dramatická inscenácia)
|2 svkpocl
|9 1583630
|
| 648 |
|
7 |
|a 17.11.2018
|2 svkpocl
|9 1129344
|
| 648 |
|
7 |
|a 2008-2018
|2 svkpocl
|9 615611
|
| 648 |
|
7 |
|a 15.-17.11.2018
|2 svkpocl
|9 1604438
|
| 650 |
0 |
7 |
|a kultúrne podujatia
|2 SNKPH
|9 71676
|
| 650 |
0 |
7 |
|a študenti
|2 SNKPH
|9 3979
|
| 650 |
0 |
7 |
|a vysokoškolskí študenti
|2 SNKPH
|9 3981
|
| 650 |
0 |
7 |
|a výročia a významné udalosti
|2 SNKPH
|9 16069
|
| 650 |
0 |
7 |
|a kultúrne inštitúcie a organizácie
|2 SNKPH
|9 112538
|
| 650 |
0 |
7 |
|a ľudové tance
|2 SNKPH
|9 3311
|
| 650 |
0 |
7 |
|a tanečno-dramatické inscenácie
|2 svkpocl
|9 1583634
|
| 650 |
0 |
7 |
|a Rusíni
|2 SNKPH
|9 4087
|
| 650 |
0 |
7 |
|a folklórne súbory
|2 SNKPH
|9 28685
|
| 650 |
0 |
7 |
|a folklór
|2 SNKPH
|9 19213
|
| 650 |
0 |
7 |
|a koncerty
|2 SNKPH
|9 19182
|
| 650 |
0 |
7 |
|a DVD-albumy
|2 svkpocl
|9 1247996
|
| 650 |
0 |
7 |
|a ľudové piesne
|2 SNKPH
|9 1941
|
| 650 |
0 |
7 |
|a slávnostné podujatia
|2 svkpocl
|9 284596
|
| 651 |
|
7 |
|a Slovensko
|2 SNKPHgeo
|9 14231
|
| 651 |
|
7 |
|a Bratislava (Slovensko)
|2 SNKPHgeo
|9 14568
|
| 773 |
0 |
|
|t NN info Rusyn
|g Roč. XV (27), č. 22 (2018), s. 10
|x 2454-0013
|
| 852 |
|
|
|a SVKPO
|b KIS3GCP
|
| 856 |
4 |
2 |
|y Elektronický archív Info Rusyna je dostupný na: http://www.rusyn.sk
|
| 958 |
|
|
|a RN
|
| 958 |
|
|
|a SS
|
| 958 |
|
|
|a NM
|
| 958 |
|
|
|a SK
|
| 958 |
|
|
|a BX
|
| 999 |
|
|
|c 3304721
|d 3306651
|